000
00340nam a2200157Ia 4500
001
1720
003
IN-NITTTR
005
20251114232919.0
008
251113s9999||||xx |||||||||||||| ||eng||
040
_b
eng
040
_c
IN-NITTTR
041
_a
eng
082
_a
621.9 C366A
245
0
_a
Applied workshop calculations /
942
_2
ddc
_c
BK
999
_c
2420
_d
2420